00891cam a22002891 45000010008000000030004000080050017000120080041000290100017000700200015000870400018001020420009001200500024001291000021001532450065001742600033002393000027002725200141002995210007004405260008004475620006004556500027004616500019004886500035005076550039005427000020005813114287OSt20140310184446.0800825s1965 nyua j 000 1 eng  a 65020956  a0590687336 aDLCcDLCdDLC alcac00aPZ 7b.C5792Mo 19651 aCleary, Beverly.14aThe mouse and the motorcycle.cIllustrated by Louis Darling. aNew York,bW. Morrow,c1965. a158 p.billus.c19 cm. aA reckless young mouse named Ralph makes friends with a boy in room 215 of the Mountain View Inn and discovers the joys of motorcycling. aG7 c860 e1 1aMotorcyclingxFiction. 1aMicexFiction. 1aHotels, motels, etc.xFiction. 7aJuvenile literaturey1965.2rbgenr1 aDarling, Louis.